[Event "Pan American-ch U14"]
[Site "Guayaquil"]
[Date "2019.07.23"]
[Round "4"]
[White "Flores Quillas, Diego Saul Rodrigo"]
[Black "Bui, Alan"]
[Result "1-0"]
[WhiteElo "2163"]
[BlackElo "1813"]
[PlyCount "149"]
[EventDate "2019.07.21"]
[EventType "swiss"]
[EventRounds "9"]
[EventCountry "ECU"]
[SourceTitle "EXT 2020"]
[Source "ChessBase"]
[SourceDate "2019.10.17"]
[SourceVersion "1"]
[SourceVersionDate "2019.10.17"]
[SourceQuality "1"]

1. e4 e5 2. Nf3 Nc6 3. Bb5 a6 4. Ba4 Nf6 5. 0-0 Be7 6. Re1 b5 7. Bb3 0-0 8. c3 d5 9. exd5 Nxd5 10. Nxe5 Nxe5 11. Rxe5 c6 12. d3 Bd6 13. Re1 Bf5 14. Nd2 Nf4 15. Ne4 Nxd3 16. Bg5 Qd7 17. Re3 Bxe4 18. Rxe4 Rae8 19. Rxe8 Rxe8 20. Qd2 h6 21. Be3 Rd8 22. Rd1 Qc7 23. g3 Be7 24. Qc2 Nc5 25. Rxd8+ Qxd8 26. Bxf7+ Kxf7 27. Bxc5 Bxc5 28. Qf5+ Kg8 29. Qxc5 Qd3 30. Qxc6 Qb1+ 31. Kg2 Qxa2 32. Qe8+ Kh7 33. Qe4+ Kh8 34. b4 Qb3 35. Qa8+ Kh7 36. Qe4+ Kh8 37. Qe5 Qc4 38. h4 Qc6+ 39. f3 Qb6 40. h5 Kg8 41. Qe8+ Kh7 42. Qe4+ Kg8 43. Qd5+ Kh8 44. g4 Qf6 45. Qc5 Kg8 46. Qd5+ Kh8 47. Qa8+ Kh7 48. Qe4+ Kh8 49. Qe3 Qd6 50. f4 Qd1 51. Qf3 Qd2+ 52. Kh3 Qc1 53. f5 Qg5 54. Kg3 Qf6 55. Qe3 Qd6+ 56. Kh3 Qc6 57. Kg3 Qd6+ 58. Kf3 Qc6+ 59. Kf4 Qc4+ 60. Qd4 Qc7+ 61. Qe5 Qc4+ 62. Ke3 Qf1 63. Qe4 Qg1+ 64. Ke2 Qg3 65. Qd4 Qg2+ 66. Kd3 Qf3+ 67. Kc2 Qe2+ 68. Kb3 Qf1 69. Qe4 Qd1+ 70. Kb2 Qd2+ 71. Qc2 Qf4 72. Qe2 Kh7 73. Kc2 Qd6 74. Qe4 Kh8 75. Qe8+ 1-0

[Event "Pan American-ch U14"]
[Site "Guayaquil"]
[Date "2019.07.22"]
[Round "2"]
[White "Gonzalez Loaiza, Roberth Alberto"]
[Black "Bui, Alan"]
[Result "1/2-1/2"]
[WhiteElo "1572"]
[BlackElo "1813"]
[PlyCount "96"]
[EventDate "2019.07.21"]
[EventType "swiss"]
[EventRounds "9"]
[EventCountry "ECU"]
[SourceTitle "EXT 2020"]
[Source "ChessBase"]
[SourceDate "2019.10.17"]
[SourceVersion "1"]
[SourceVersionDate "2019.10.17"]
[SourceQuality "1"]

1. d4 Nf6 2. c4 e6 3. Nc3 Bb4 4. Qc2 0-0 5. Nf3 d5 6. e3 b6 7. Bd2 Ba6 8. b3 Nbd7 9. Bd3 c5 10. a3 Bxc3 11. Bxc3 Rc8 12. cxd5 Bxd3 13. Qxd3 Nxd5 14. Bb2 cxd4 15. Qxd4 Qf6 16. Qxf6 N7xf6 17. 0-0 Ne4 18. Rac1 Nc5 19. Nd2 Nd3 20. Rxc8 Rxc8 21. Ba1 Rc2 22. Ne4 Ra2 23. a4 f5 24. Nd6 Kf8 25. Nb5 Nxf2 26. Bxg7+ Kxg7 27. Rxf2 Ra1+ 28. Rf1 Rxf1+ 29. Kxf1 a6 30. Nd4 Nxe3+ 31. Ke2 Nxg2 32. Nxe6+ Kf6 33. Nc7 Ke5 34. Nxa6 Nf4+ 35. Kf3 Nd5 36. b4 Nc3 37. a5 bxa5 38. bxa5 Nb5 39. Nb4 Na7 40. a6 Kd6 41. Kf4 Kc5 42. Nd3+ Kb5 43. Kxf5 Kxa6 44. Nb4+ Kb5 45. Nd5 Kc5 46. Nf6 Kd6 47. Nxh7 Nc8 48. Kf6 Ne7 1/2-1/2

[Event "Pan American-ch U14"]
[Site "Guayaquil"]
[Date "2019.07.21"]
[Round "1"]
[White "Bui, Alan"]
[Black "Gu, Andy Jiuding"]
[Result "1-0"]
[WhiteElo "1813"]
[BlackElo "1338"]
[PlyCount "61"]
[EventDate "2019.07.21"]
[EventType "swiss"]
[EventRounds "9"]
[EventCountry "ECU"]
[SourceTitle "EXT 2020"]
[Source "ChessBase"]
[SourceDate "2019.10.17"]
[SourceVersion "1"]
[SourceVersionDate "2019.10.17"]
[SourceQuality "1"]

1. d4 Nf6 2. Nf3 g6 3. c4 Bg7 4. Nc3 d6 5. e4 0-0 6. h3 e5 7. d5 Na6 8. Bd3 Nh5 9. g3 f5 10. Bg5 Qe8 11. Qe2 Bd7 12. 0-0-0 Nc5 13. Bc2 Qf7 14. Nd2 f4 15. g4 Nf6 16. f3 a6 17. b4 b5 18. bxc5 dxc5 19. Nb3 Qe7 20. Qf2 bxc4 21. Qxc5 Qxc5 22. Nxc5 Bb5 23. Ne6 Rfc8 24. d6 cxd6 25. Nxg7 Kxg7 26. Bxf6+ Kxf6 27. Nd5+ Ke6 28. Nb6 Rab8 29. Nxc8 Rxc8 30. a4 Bd7 31. Kd2 1-0

[Event "Mississauga Golden Horseshoe op"]
[Site "Mississauga"]
[Date "2019.06.08"]
[Round "1.2"]
[White "Sambuev, Bator"]
[Black "Bui, Alan"]
[Result "1-0"]
[WhiteElo "2560"]
[BlackElo "2137"]
[PlyCount "59"]
[EventDate "2019.06.08"]
[EventType "swiss"]
[EventRounds "5"]
[EventCountry "CAN"]
[SourceTitle "EXT 2022"]
[Source "ChessBase"]
[SourceDate "2021.10.06"]
[SourceVersion "1"]
[SourceVersionDate "2021.10.06"]
[SourceQuality "1"]

1. d4 Nf6 2. c4 e6 3. Nf3 b6 4. Nc3 Bb4 5. Bg5 Bb7 6. e3 0-0 7. Bd3 d5 8. cxd5 exd5 9. Ne5 Be7 10. 0-0 Ne4 11. Bxe7 Qxe7 12. Qc2 f6 13. f3 fxe5 14. fxe4 Rxf1+ 15. Rxf1 exd4 16. exd4 dxe4 17. Bc4+ Kh8 18. Bd5 Nc6 19. Rf7 Qe8 20. Qf2 Na5 21. Qg3 Qg8 22. Be6 Re8 23. Re7 Rxe7 24. Bxg8 Kxg8 25. Qg5 Re8 26. Nd5 Rf8 27. Nxc7 h6 28. Qe7 Bc8 29. Ne8 Rf7 30. Qd8 1-0

[Event "CAN-ch U12"]
[Site "Quebec"]
[Date "2018.07.05"]
[Round "7.76"]
[White "Xue, Harry"]
[Black "Bui, Alan"]
[Result "0-1"]
[WhiteElo "885"]
[BlackElo "1676"]
[PlyCount "50"]
[EventDate "2018.07.02"]
[EventType "swiss"]
[EventRounds "7"]
[EventCountry "CAN"]
[SourceTitle "EXT 2022"]
[Source "ChessBase"]
[SourceDate "2021.10.06"]
[SourceVersion "1"]
[SourceVersionDate "2021.10.06"]
[SourceQuality "1"]

1. e4 e5 2. Nf3 Nc6 3. Bc4 Nf6 4. d3 Bc5 5. Nc3 0-0 6. Bg5 h6 7. Bh4 Be7 8. 0-0 d6 9. h3 Be6 10. Bb3 Qd7 11. Bxe6 fxe6 12. Qe2 Nd4 13. Nxd4 exd4 14. Nd1 e5 15. Bxf6 Bxf6 16. c3 c5 17. cxd4 cxd4 18. b3 Rac8 19. Nb2 Bg5 20. Kh2 Rc7 21. Qh5 Rc2 22. h4 Bf4+ 23. g3 Rxb2 24. gxf4 Rxf4 25. Kg3 Rd2 0-1

[Event "CAN-ch U12"]
[Site "Quebec"]
[Date "2018.07.04"]
[Round "5.68"]
[White "Noorali, Aahil"]
[Black "Bui, Alan"]
[Result "1-0"]
[WhiteElo "2062"]
[BlackElo "1676"]
[PlyCount "73"]
[EventDate "2018.07.02"]
[EventType "swiss"]
[EventRounds "7"]
[EventCountry "CAN"]
[SourceTitle "EXT 2022"]
[Source "ChessBase"]
[SourceDate "2021.10.06"]
[SourceVersion "1"]
[SourceVersionDate "2021.10.06"]
[SourceQuality "1"]

1. d4 Nf6 2. c4 e6 3. Nc3 Bb4 4. e3 0-0 5. Nge2 Re8 6. a3 Bf8 7. g3 d5 8. c5 c6 9. b4 b6 10. Bg2 a5 11. Bb2 Ba6 12. 0-0 Bc4 13. Qc2 Na6 14. Na4 Nd7 15. Bc3 b5 16. Nb2 Bxe2 17. Qxe2 a4 18. f4 g6 19. Rae1 f5 20. Nd3 Nc7 21. Kh1 Bg7 22. Rg1 Rf8 23. Ref1 Bh6 24. Bh3 Kf7 25. g4 Bg7 26. Qg2 Qf6 27. Ne5+ Nxe5 28. dxe5 Qe7 29. gxf5 exf5 30. Bxf5 Kg8 31. Bd3 Kh8 32. Qh3 Qe6 33. f5 gxf5 34. Bxf5 Qh6 35. Qxh6 Bxh6 36. e6+ Bg7 37. Bxg7+ 1-0

[Event "Canadian op U1800"]
[Site "Sault Ste Marie"]
[Date "2017.07.16"]
[Round "9.37"]
[White "Konovalenko, Nicholas"]
[Black "Bui, Alan"]
[Result "0-1"]
[WhiteElo "1706"]
[BlackElo "1716"]
[PlyCount "52"]
[EventDate "2017.07.08"]
[EventType "swiss"]
[EventRounds "9"]
[EventCountry "CAN"]
[SourceTitle "EXT 2022"]
[Source "ChessBase"]
[SourceDate "2021.10.06"]
[SourceVersion "1"]
[SourceVersionDate "2021.10.06"]
[SourceQuality "1"]

1. d4 Nf6 2. c4 e6 3. Nc3 Bb4 4. Qc2 0-0 5. Nf3 b6 6. g3 Bb7 7. Bg2 d6 8. 0-0 Nbd7 9. a3 Bxc3 10. Qxc3 Ne4 11. Qc2 Rb8 12. b4 f5 13. Nd2 Nxd2 14. Bxd2 Bxg2 15. Kxg2 Qf6 16. e3 Rb7 17. a4 c6 18. a5 g5 19. Bc3 f4 20. exf4 gxf4 21. d5 f3+ 22. Kh1 Qh6 23. dxc6 Qh3 24. Rg1 Nf6 25. Bxf6 Rxf6 26. cxb7 Qxh2+ 0-1

[Event "Canadian op U1800"]
[Site "Sault Ste Marie"]
[Date "2017.07.13"]
[Round "5.44"]
[White "Piche, Jeremie"]
[Black "Bui, Alan"]
[Result "1/2-1/2"]
[WhiteElo "1686"]
[BlackElo "1716"]
[PlyCount "76"]
[EventDate "2017.07.08"]
[EventType "swiss"]
[EventRounds "9"]
[EventCountry "CAN"]
[SourceTitle "EXT 2022"]
[Source "ChessBase"]
[SourceDate "2021.10.06"]
[SourceVersion "1"]
[SourceVersionDate "2021.10.06"]
[SourceQuality "1"]

1. e4 e5 2. Nf3 Nc6 3. Bb5 a6 4. Bxc6 dxc6 5. 0-0 f6 6. h3 Bc5 7. d3 Ne7 8. Re1 0-0 9. Be3 Bd6 10. Nbd2 Be6 11. Nb3 b6 12. d4 Ng6 13. Nbd2 Qe7 14. c3 Rfd8 15. b3 c5 16. d5 Bd7 17. Nc4 a5 18. a4 Ra7 19. Nfd2 f5 20. exf5 Bxf5 21. Qh5 Rf8 22. Bg5 Qf7 23. Nxd6 cxd6 24. c4 Bc2 25. f3 Qf5 26. Qg4 Qd3 27. Qe4 Qxd2 28. Bxd2 Bxe4 29. Rxe4 Raf7 30. Bg5 h6 31. Bh4 Nxh4 32. Rxh4 Rf4 33. Rxf4 Rxf4 34. Kf2 Rd4 35. Ke3 Kf7 36. Rf1 g5 37. g4 Kf6 38. Rh1 Rf4 1/2-1/2

[Event "Windsor NAYCC U10"]
[Site "Windsor"]
[Date "2016.08.08"]
[Round "2.140"]
[White "Bui, Alan"]
[Black "Yuan, Kevin"]
[Result "1-0"]
[WhiteElo "1404"]
[BlackElo "975"]
[PlyCount "129"]
[EventDate "2016.08.07"]
[EventType "swiss"]
[EventRounds "9"]
[EventCountry "CAN"]
[SourceTitle "EXT 2022"]
[Source "ChessBase"]
[SourceDate "2021.10.06"]
[SourceVersion "1"]
[SourceVersionDate "2021.10.06"]
[SourceQuality "1"]

1. d4 Nf6 2. Nf3 d5 3. Bf4 g6 4. c4 Bg7 5. e3 Bf5 6. Nc3 0-0 7. Qb3 dxc4 8. Bxc4 b6 9. Ne5 e6 10. Rd1 c6 11. f3 g5 12. Bxg5 b5 13. Bd3 Bxd3 14. Nxd3 Nbd7 15. e4 Qb6 16. Ne5 Qc7 17. Nxd7 Qxd7 18. e5 Nd5 19. Ne4 a5 20. Nc5 Qa7 21. a3 a4 22. Qc2 h6 23. Bd2 Rfd8 24. Kf2 Ne7 25. Bc3 Nd5 26. g3 Nc7 27. Ne4 Ne8 28. Kg2 f6 29. f4 f5 30. Nc5 Nc7 31. Kf2 Re8 32. h3 Na6 33. Nxa6 Qxa6 34. g4 Rf8 35. Kg3 Qc8 36. Bb4 Rf7 37. Rc1 Ra6 38. Qg2 fxg4 39. hxg4 Kh7 40. Qe4+ Kg8 41. Rhf1 Qd7 42. f5 exf5 43. gxf5 Qc8 44. f6 Qc7 45. fxg7 Rxg7+ 46. Kf3 Qf7+ 47. Ke2 Qh5+ 48. Qf3 Qh2+ 49. Rf2 Qh4 50. Qf8+ Kh7 51. Qf5+ Kg8 52. e6 Ra8 53. Bc5 Qd8 54. e7 Qe8 55. Qf8+ Qxf8 56. Rxf8+ Rxf8 57. exf8Q+ Kh7 58. Qf5+ Kg8 59. Rh1 Rg2+ 60. Kf3 Rg7 61. Rxh6 Rf7 62. Rg6+ Kh8 63. Qxf7 b4 64. d5 cxd5 65. Bd4# 1-0

[Event "Canadian op U1600"]
[Site "Windsor"]
[Date "2016.07.17"]
[Round "9.47"]
[White "Gaur, Shivan"]
[Black "Bui, Alan"]
[Result "0-1"]
[WhiteElo "1267"]
[BlackElo "1392"]
[PlyCount "44"]
[EventDate "2016.07.10"]
[EventType "swiss"]
[EventRounds "9"]
[EventCountry "CAN"]
[SourceTitle "EXT 2022"]
[Source "ChessBase"]
[SourceDate "2021.10.06"]
[SourceVersion "1"]
[SourceVersionDate "2021.10.06"]
[SourceQuality "1"]

1. d4 Nf6 2. c4 e6 3. g3 c5 4. d5 b5 5. cxb5 Bb7 6. Bg2 Nxd5 7. e4 Nf6 8. Nc3 d5 9. Bg5 d4 10. Bxf6 Qxf6 11. Nce2 Qd8 12. Qa4 Qd7 13. Rd1 a6 14. Nc3 axb5 15. Qxb5 Bc6 16. Qb3 Bd6 17. Nce2 Ba4 18. Qc4 Bxd1 19. e5 Ra4 20. Qd3 Bxe2 21. Qxe2 Bc7 22. b3 d3 0-1

[Event "CAN-ch U10"]
[Site "Windsor"]
[Date "2016.07.08"]
[Round "7.85"]
[White "Kang, Dorian"]
[Black "Bui, Alan"]
[Result "1-0"]
[WhiteElo "1790"]
[BlackElo "1417"]
[PlyCount "97"]
[EventDate "2016.07.05"]
[EventType "swiss"]
[EventRounds "7"]
[EventCountry "CAN"]
[SourceTitle "EXT 2022"]
[Source "ChessBase"]
[SourceDate "2021.10.06"]
[SourceVersion "1"]
[SourceVersionDate "2021.10.06"]
[SourceQuality "1"]

1. c4 Nf6 2. Nc3 e6 3. e4 d5 4. cxd5 exd5 5. e5 Nfd7 6. d4 c5 7. dxc5 Nxe5 8. Qxd5 Qxd5 9. Nxd5 Kd8 10. Bf4 Nbc6 11. 0-0-0 Bd7 12. b4 Ng6 13. Bc7+ Kc8 14. a3 Nce7 15. Bg3 Nxd5 16. Rxd5 Be6 17. Rd2 Be7 18. Nf3 Rd8 19. Bd3 f5 20. Re1 Bd7 21. Kb1 Bf6 22. Be5 Bxe5 23. Nxe5 Re8 24. Rde2 Nf4 25. Nxd7 Nxe2 26. Bxe2 Rxe2 27. Rxe2 Kxd7 28. Kb2 Rf8 29. Kc3 Rf6 30. Kc4 Ra6 31. Rd2+ Ke7 32. Rd3 Rc6 33. b5 Rf6 34. Kd5 Kd7 35. Ke5+ Ke7 36. Rd6 Rxd6 37. cxd6+ Kd7 38. Kd5 h6 39. h4 g6 40. f4 h5 41. g3 a6 42. b6 a5 43. a4 Ke8 44. Ke6 Kd8 45. d7 g5 46. hxg5 h4 47. g6 hxg3 48. g7 g2 49. g8Q# 1-0

[Event "CAN-ch U10"]
[Site "Windsor"]
[Date "2016.07.05"]
[Round "1.94"]
[White "Feng, Richard"]
[Black "Bui, Alan"]
[Result "1-0"]
[WhiteElo "761"]
[BlackElo "1417"]
[PlyCount "71"]
[EventDate "2016.07.05"]
[EventType "swiss"]
[EventRounds "7"]
[EventCountry "CAN"]
[SourceTitle "EXT 2022"]
[Source "ChessBase"]
[SourceDate "2021.10.06"]
[SourceVersion "1"]
[SourceVersionDate "2021.10.06"]
[SourceQuality "1"]

1. d4 Nf6 2. c4 e6 3. Nf3 d5 4. Bg5 Be7 5. e3 Nbd7 6. Be2 c5 7. 0-0 0-0 8. Nc3 b6 9. cxd5 exd5 10. dxc5 Nxc5 11. Bxf6 Bxf6 12. Nxd5 Bb7 13. Nxf6+ Qxf6 14. Qd4 Qc6 15. Rac1 Rad8 16. Qg4 Qf6 17. Nd4 Rd5 18. f3 Rg5 19. Qh4 Qg6 20. Qf2 f5 21. b4 Ne6 22. Bc4 Bc8 23. Bb3 Kh8 24. Rc6 Nxd4 25. Rxg6 Nxf3+ 26. Qxf3 Rxg6 27. Qa8 f4 28. exf4 a6 29. f5 Rgf6 30. Be6 Bxe6 31. Qxa6 Bc8 32. Qb5 Bb7 33. a4 Ra8 34. Qd7 Bc6 35. Qe7 Rxa4 36. Qd8+ 1-0